Pescarovo pokušenie a iné novely (Record no. 20900)
[ view plain ]
| 000 -LEADER | |
|---|---|
| fixed length control field | 01731cam a2200457 a 4500 |
| 001 - CONTROL NUMBER | |
| control field | 20900 |
| 003 - CONTROL NUMBER IDENTIFIER | |
| control field | VRT |
| 005 - DATE AND TIME OF LATEST TRANSACTION | |
| control field | 20260206145903.0 |
| 008 - FIXED-LENGTH DATA ELEMENTS--GENERAL INFORMATION | |
| fixed length control field | 190102s1967 xo g 000 f slo |
| 015 ## - NATIONAL BIBLIOGRAPHY NUMBER | |
| National bibliography number | SNBA1967/04-00574 |
| 020 ## - INTERNATIONAL STANDARD BOOK NUMBER | |
| Qualifying information | (viazané) |
| 035 ## - SYSTEM CONTROL NUMBER | |
| System control number | SK01SNK19670017543 |
| 035 ## - SYSTEM CONTROL NUMBER | |
| System control number | SKM000020006 |
| 039 #9 - LEVEL OF BIBLIOGRAPHIC CONTROL AND CODING DETAIL [OBSOLETE] | |
| Level of rules in bibliographic description | 202411051215 |
| Level of effort used to assign nonsubject heading access points | csnk01 |
| Level of effort used to assign subject headings | 202411051212 |
| Level of effort used to assign classification | csnk01 |
| Level of effort used to assign subject headings | 201901021529 |
| Level of effort used to assign classification | VLOAD |
| Level of effort used to assign subject headings | 201809051109 |
| Level of effort used to assign classification | csnk10 |
| 040 ## - CATALOGING SOURCE | |
| Original cataloging agency | SNK |
| Language of cataloging | slo |
| Transcribing agency | SNK |
| Description conventions | AACR2 |
| 041 1# - LANGUAGE CODE | |
| Language code of text/sound track or separate title | slo |
| Language code of original | ger |
| 044 ## - COUNTRY OF PUBLISHING/PRODUCING ENTITY CODE | |
| MARC country code | xo |
| ISO country code | SK |
| 072 #7 - SUBJECT CATEGORY CODE | |
| Subject category code | 821.112.2-3 |
| Subject category code subdivision | Nemecká próza, nemecky písaná |
| Source | konspekt |
| 080 ## - UNIVERSAL DECIMAL CLASSIFICATION NUMBER | |
| Universal Decimal Classification number | 821.112.2(494)-32 |
| Edition identifier | 2011 |
| 080 ## - UNIVERSAL DECIMAL CLASSIFICATION NUMBER | |
| Universal Decimal Classification number | 929 Meyer, Conrad Ferdinand |
| Edition identifier | 2011 |
| 100 1# - MAIN ENTRY--PERSONAL NAME | |
| Personal name | Meyer, Conrad Ferdinand, |
| Dates associated with a name | 1825-1898 |
| Relationship | aut |
| 240 10 - UNIFORM TITLE | |
| Uniform title | Werke |
| Language of a work | Slovensky |
| 245 10 - TITLE STATEMENT | |
| Title | Pescarovo pokušenie a iné novely |
| Statement of responsibility, etc. | Conrad Ferdinand Meyer ; z nemeckého originálu Werke, Bd. 3, 4 preložila, poznámky a doslov napísala Ľudmila Rampáková |
| 250 ## - EDITION STATEMENT | |
| Edition statement | 1. vydanie |
| 260 ## - PUBLICATION, DISTRIBUTION, ETC. | |
| Place of publication, distribution, etc. | Bratislava |
| Name of publisher, distributor, etc. | Tatran |
| Date of publication, distribution, etc. | 1967 |
| Place of manufacture | Martin |
| Manufacturer | Tlačiarne SNP |
| 300 ## - PHYSICAL DESCRIPTION | |
| Extent | 332, [2] strán |
| Dimensions | 8° |
| 366 ## - TRADE AVAILABILITY INFORMATION | |
| Note | 7000 výtl. |
| 490 1# - SERIES STATEMENT | |
| Series statement | Hviezdoslavova knižnica |
| Volume/sequential designation | zv. 136. Svetový rad |
| -- | zv. 59 |
| 500 ## - GENERAL NOTE | |
| General note | Frontispice |
| 655 #7 - INDEX TERM--GENRE/FORM | |
| Genre/form data or focus term | švajčiarske novely (nemecky) |
| Source of term | SNKPH |
| 655 #7 - INDEX TERM--GENRE/FORM | |
| Genre/form data or focus term | Swiss novellas (German) |
| Source of term | SNKPHeng |
| 700 1# - ADDED ENTRY--PERSONAL NAME | |
| Personal name | Rampáková, Ľudmila, |
| Dates associated with a name | 1922-2003 |
| Relationship | trl |
| -- | aft |
| 830 #0 - SERIES ADDED ENTRY--UNIFORM TITLE | |
| Uniform title | Hviezdoslavova knižnica |
| 942 ## - ADDED ENTRY ELEMENTS (KOHA) | |
| Source of classification or shelving scheme | Dewey Decimal Classification |
| Koha item type | Krásna literatúra pre dospelých |
| Suppress in OPAC | No |
| 949 ## - LOCAL PROCESSING INFORMATION (OCLC) | |
| 6 | 17A0913966 |
| a | snkSC 22571 |
| 949 ## - LOCAL PROCESSING INFORMATION (OCLC) | |
| 6 | 17A0036218 |
| 9 | P60, <05>, [BOOK], {605} |
| a | snkSC 22571 D1 |
| 949 ## - LOCAL PROCESSING INFORMATION (OCLC) | |
| 6 | 270001000557218 |
| a | svkbbS 31364 |
| b | svkbbm 166079 |
| 949 ## - LOCAL PROCESSING INFORMATION (OCLC) | |
| 6 | 270001000557219 |
| a | svkbbS 31365 |
| b | svkbbm 166077 |
| Stav vyradenia | Strata | Poškodenie | Spôsob nadobudnutia | Domovská knižnica | Aktuálna knižnica | Dátum nadobudnutia | Total checkouts | Čiarový kód exemplára | Date last seen | Typ exemplára |
|---|---|---|---|---|---|---|---|---|---|---|
| Dar | Obecná knižnica Horná Štubňa | Obecná knižnica Horná Štubňa | 06.02.2026 | 4736201054 | 06.02.2026 | Krásna literatúra pre dospelých |
